The reliability of non-destructive inspection (Record no. 9744)
[ view plain ]
| 000 -LEADER | |
|---|---|
| fixed length control field | 00741nam a2200217Ia 4500 |
| 003 - CONTROL NUMBER IDENTIFIER | |
| control field | IN-BaIIA |
| 008 - FIXED-LENGTH DATA ELEMENTS--GENERAL INFORMATION | |
| fixed length control field | 211028s9999 xx 000 0 eng d |
| 020 ## - INTERNATIONAL STANDARD BOOK NUMBER | |
| International Standard Book Number | 0-85274-533-8 |
| 040 ## - CATALOGING SOURCE | |
| Transcribing agency | IIA Library |
| 080 ## - UNIVERSAL DECIMAL CLASSIFICATION NUMBER | |
| Universal Decimal Classification number | 620.17 |
| Item number | SIL |
| 100 ## - MAIN ENTRY--PERSONAL NAME | |
| Personal name | Silk, M. G. |
| 9 (RLIN) | 16488 |
| 245 #4 - TITLE STATEMENT | |
| Title | The reliability of non-destructive inspection |
| Remainder of title | assessing the assessment of structures under stress |
| Statement of responsibility, etc. | M. G. Silk, A. M. Stoneham and J. A. G. Temple |
| 260 ## - PUBLICATION, DISTRIBUTION, ETC. | |
| Place of publication, distribution, etc. | Bristol |
| Name of publisher, distributor, etc. | Adam Hilger |
| Date of publication, distribution, etc. | 1987 |
| 300 ## - PHYSICAL DESCRIPTION | |
| Extent | xiii, 207p. |
| 650 ## - SUBJECT ADDED ENTRY--TOPICAL TERM | |
| Topical term or geographic name entry element | Materials tests |
| 9 (RLIN) | 16489 |
| 650 ## - SUBJECT ADDED ENTRY--TOPICAL TERM | |
| Topical term or geographic name entry element | NASA thesaurus |
| 650 ## - SUBJECT ADDED ENTRY--TOPICAL TERM | |
| Topical term or geographic name entry element | Nondestructive tests |
| 9 (RLIN) | 16490 |
| 700 ## - ADDED ENTRY--PERSONAL NAME | |
| Personal name | Stoneham, A. M |
| 9 (RLIN) | 16491 |
| 700 ## - ADDED ENTRY--PERSONAL NAME | |
| Personal name | Temple, J. A. G |
| 9 (RLIN) | 16492 |
| 942 ## - ADDED ENTRY ELEMENTS (KOHA) | |
| Koha item type | Books |
| Withdrawn status | Lost status | Damaged status | Not for loan | Home library | Current library | Shelving location | Date acquired | Cost, normal purchase price | Total Checkouts | Full call number | Barcode | Date last seen | Cost, replacement price | Price effective from | Koha item type | Purchase Price |
|---|---|---|---|---|---|---|---|---|---|---|---|---|---|---|---|---|
| IIA Library-Bangalore | IIA Library-Bangalore | General Stacks | 1017.25 | 620.17/ SIL | 10654 | 05/11/2021 | 1017.25 | Books | Rs. 1017.25 |